| 000 | 00697nam a22002417a 4500 | ||
|---|---|---|---|
| 003 | OSt | ||
| 008 | 250429b |||||||| |||| 00| 0 eng d | ||
| 020 | _a9780128143506 | ||
| 082 |
_a551.457 _bR17C |
||
| 245 |
_aCoastal Zone Management : global perspectives, regional processes, local issues / _cedited by Mu. Ramkumar...[et. al.] |
||
| 260 |
_a.- Netherlands _b: Elsevier _c, 2019 |
||
| 300 | _axxiv,548p. | ||
| 650 | _aPure Sciences | ||
| 650 | _aEarth Sciences | ||
| 650 | _aCoastal Regions | ||
| 650 | _aCoastal Zone | ||
| 650 | _aManagement | ||
| 700 | _aRamkumar, Mu. | ||
| 700 | _aJames, R. Arthur. | ||
| 700 | _aMenier, David. | ||
| 700 | _aKumaraswamy, K. | ||
| 942 |
_2ddc _cBK |
||
| 999 |
_c47912 _d47912 |
||